banner koha

Sindrome do abscesso pituitário em bezerros associada ao uso de tabuleta nasal para desmame interrompido (Registro n. 174821)

MARC details
000 -LÍDER
campo de controle de tamanho fixo 00946nas a2200313 4500
001 - NÚMERO DE CONTROLE
campo de controle BR0302637
003 - IDENTIFICADOR DO NÚMERO DE CONTROLE
campo de controle BR-BrBNA
005 - DATA E HORÁRIO DA ÚLTIMA TRANSAÇÃO
campo de controle 20231205103814.0
007 - CAMPO FIXO DE DESCRIÇÃO FÍSICA--INFORMAÇÃO GERAL
campo de controle de tamanho fixo ta
008 - CAMPO DE DADOS FIXOS--INFORMAÇÃO GERAL
campo de controle de tamanho fixo 230509b bl.|||p| |||| 00| 00por d
040 ## - FONTE DA CATALOGAÇÃO
Instituição da catalogação original BR-BrBNA
Idioma da catalogação por
Instituição que transcreveu o registro Biblioteca Nacional de Agricultura
041 ## - CÓDIGO DE IDIOMA
Código do idioma do texto/trilha sonora ou título diferente (Pt)
072 ## - CÓDIGO DE CATEGORIA DE ASSUNTO
Código de Categoria de Assunto L73
100 1# - ENTRADA PRINCIPAL--NOME PESSOAL
Nome pessoal Loretti, A.P.
100 1# - ENTRADA PRINCIPAL--NOME PESSOAL
Nome pessoal Ilha, M.R.S.
100 1# - ENTRADA PRINCIPAL--NOME PESSOAL
Nome pessoal Riet-Correa, G.
100 1# - ENTRADA PRINCIPAL--NOME PESSOAL
Nome pessoal Driemeier, D.
100 1# - ENTRADA PRINCIPAL--NOME PESSOAL
Nome pessoal Colodel, E.M.
100 1# - ENTRADA PRINCIPAL--NOME PESSOAL
Nome pessoal Barros, C.S.L.
245 1# - TÍTULO
Título Sindrome do abscesso pituitário em bezerros associada ao uso de tabuleta nasal para desmame interrompido
650 ## - ASSUNTO--TERMO TÓPICO
Cabeçalho tópico ou nome geográfico BEZERRO
650 ## - ASSUNTO--TERMO TÓPICO
Cabeçalho tópico ou nome geográfico ABSCESSO
650 ## - ASSUNTO--TERMO TÓPICO
Cabeçalho tópico ou nome geográfico DESMAMA PRECOCE
650 ## - ASSUNTO--TERMO TÓPICO
Cabeçalho tópico ou nome geográfico EPIDEMIOLOGIA
650 ## - ASSUNTO--TERMO TÓPICO
Cabeçalho tópico ou nome geográfico RIO GRANDE DO SUL
773 0# - ENTRADA ANALÍTICA
Título Pesquisa Veterinária Brasileira (Brazil)
ISSN - International Standard Serial Number ISSN 0100-736X
Partes relacionadas (Jan-Mar 2003), v. 23(1) p. 39-46
Número de controle do registro BR0302637
909 ## -
-- 202311
-- Lúcia
-- 55
-- Lúcia Elande
942 ## - ELEMENTOS DE ENTRADA ADICIONADOS (KOHA)
Fonte da classificação ou esquema de arquivamento na estante Classificação AGRIS
Ocultar no OPAC Não
Tipo de material Koha Analítica
Exemplares
Situação do descarte Fonte da classificação ou esquema de arquivamento na estante Situação física Não pode ser emprestado Biblioteca de origem Biblioteca atual Localização na estante Enumeração do periódico / cronologia Total de empréstimos Data de último acesso Número do exemplar Tipo de material Koha Fonte de aquisição
  Classificação AGRIS   Consulta local Biblioteca Nacional de Agricultura - Binagri Biblioteca Nacional de Agricultura - Binagri   (Jan-Mar 2003), v. 23(1) p. 39-46   29/11/2023 01 Periódicos Portaria Interministerial nº 164/94

BINAGRI

Telefone: (61)3218-2567/2388/3357/2097 - binagri@agro.gov.br

Ministério da Agricultura e Pecuária , Esplanada dos Ministérios, Bloco D, Anexo B, Brasília/DF, CEP: 70.043-900